Zákon o miestnych poplatkoch s komentárom

V súvislosti so vstupom Slovenskej republiky do Európskej únie a vzhľadom na nedostatky, ktoré sa vyskytli pri aplikácii zákona o miestnych poplatkoch v praxi, bolo potrebné tento zákon opäť novelizovať. Znenie zákona SNR č. 544/1990 Zb. o miestnych poplatkoch v znení zákona č. 24/2004 Z.z. a zákona...

Ausführliche Beschreibung

Gespeichert in:
Bibliographische Detailangaben
1. Verfasser: Hečková, Radka
Format: Buchkapitel
Sprache:Slowakisch
Schlagworte:
Tags: Tag hinzufügen
Keine Tags, Fügen Sie das erste Tag hinzu!

MARC

LEADER 00000naa$a2200000$$$4500
001 0023062
005 20230919094907.7
041 0 |a slo 
044 |a SK 
245 1 0 |a Zákon o miestnych poplatkoch s komentárom  |c Radka Hečková 
520 |a V súvislosti so vstupom Slovenskej republiky do Európskej únie a vzhľadom na nedostatky, ktoré sa vyskytli pri aplikácii zákona o miestnych poplatkoch v praxi, bolo potrebné tento zákon opäť novelizovať. Znenie zákona SNR č. 544/1990 Zb. o miestnych poplatkoch v znení zákona č. 24/2004 Z.z. a zákona č. 218/2004 Z.z. s komentárom. 
610 2 0 |a zákony 
610 2 0 |a Slovensko 
610 2 0 |a poplatky miestne 
610 2 0 |a 2004 
610 2 0 |a novelizácia 
610 2 0 |a komentáre 
100 1 |a Hečková, Radka